000 00288nam a22001337a 4500
008 170503b xxu||||| |||| 00| 0 eng d
020 _a9780205315123
041 _aeng
080 _22ND
_a34
100 _a14
101 _aSHJ
245 _aCORRECTIONS
_cREICHELL, P.L
942 _2udc
_cBK
999 _c12589
_d12589